000 00695nam a2200181 4500
999 _c80743
_d80743
008 210218b ||||| |||| 00| 0 eng d
040 _aISIL EINTRAGEN
_bger
_cISIL EINTRAGEN
_erda
100 _aLund, Hannah Lotte
245 _a"Nie recht sympathisch"?
_bTheodor Fontane und Gerhart Hauptmann aus der Perspektive Julius Rodenbergs /
_cHannah Lotte Lund
600 _aHauptmann, Gerhart
_d1862-1946
600 _aFontane, Theodor
_d1819-1898
600 _aRodenberg, Julius
_d1831-1914
773 _dBerlin: Qiuntus-Verlag, 2020
_tTheodor Fontane, Gerhart Hauptmann und die vergessene Moderne.
_gSeite 296-320
942 _cA